000 00399cam a2200157ua 4500
041 _amal
_h
082 _a894.812 308
_bMAD/PO
100 _aMadhavan Nair, Evoor .
245 _aPookkalum Theekkanalum /
_cEvoor Madhavan Nair.
_hTextual Documents
250 _a1 /
_b.
260 _aKollam :
_bSreerama Vilasom ,
_c1959.
300 _a175 ; .
504 _a
942 _cBK
999 _c3884
_d3884